Romancero español
Đã lưu trong:
| Tác giả chính: | |
|---|---|
| Định dạng: | Sách |
| Ngôn ngữ: | Tiếng Tây Ban Nha |
| Được phát hành: |
Santiago
Nascimento
1976
|
| Loạt: | Biblioteca Popular Nascimento
|
| Những chủ đề: | |
| Các nhãn: |
Thêm thẻ
Không có thẻ, Là người đầu tiên thẻ bản ghi này!
|
MARC
| LEADER | 00000nam a2200000 a 4500 | ||
|---|---|---|---|
| 001 | UCW3878 | ||
| 003 | CL-VaPUC | ||
| 008 | 890509e19760000CL |||||||||||||||||spa|d | ||
| 082 | 0 | 4 | |a 861 |b ESC |2 21 |
| 100 | 0 | |a Escudero, Alfonso M |e author |9 308289 | |
| 245 | 1 | 0 | |a Romancero español |
| 300 | |a 518 p | ||
| 942 | |c BK | ||
| 945 | |d 19890509 00:00:00 | ||
| 260 | |a Santiago |b Nascimento |c 1976 | ||
| 650 | 0 | |a Poesías españolas |9 265100 | |
| 583 | |a last modification |c 19890509 00:00:00 |k Rodrigo Vera | ||
| 490 | 0 | |a Biblioteca Popular Nascimento | |
| 999 | |c 217744 |d 217742 | ||
| 952 | |0 0 |1 0 |4 0 |6 861_000000000000000_ESC_1976 |7 0 |8 A |9 205920 |a BIBEDU |b BIBEDU |d 2019-11-15 |i 2738694 |o 861 ESC 1976 |p 2738694 |r 2019-11-15 |w 2019-11-15 |y BK |k EDU | ||